| 000 | 00439nam a2200205Ia 4500 | ||
|---|---|---|---|
| 001 | 11778 | ||
| 003 | GE_BSU | ||
| 008 | 181216s||||||||xx |||||||||||||| ||und|| | ||
| 020 | _a9780330426848 | ||
| 040 | _cGE_BSU | ||
| 080 | _a821.111-312.4 | ||
| 100 | _aGruber,Michael | ||
| 245 | _aTropic of Night | ||
| 260 | _aLondon | ||
| 260 | _bPan Books | ||
| 260 | _c2004 | ||
| 300 | _a563p.18cm. | ||
| 653 | _aTropic of Night | ||
| 942 | _cBK | ||
| 999 |
_c44957 _d44957 |
||